Normal view
MARC view
- فقه اسلامي
Entry Topical Term
001 - CONTROL NUMBER
- control field: 43682
003 - CONTROL NUMBER IDENTIFIER
- control field: JO-AjAnu
005 - DATE AND TIME OF LATEST TRANSACTION
- control field: 20230606081234.0
008 - FIXED-LENGTH DATA ELEMENTS
- fixed length control field: 230606|| aca||aabn | a|a d
040 ## - CATALOGING SOURCE
- Original cataloging agency: JO-AjAnu
- Transcribing agency: JO-AjAnu
150 ## - HEADING--TOPICAL TERM
- Topical term or geographic name entry element: فقه اسلامي
670 ## - SOURCE DATA FOUND
- Source citation: Work cat.: (JO-AjAnu)22364: الإتقاني، قوام الدين أمير كاتب بن أمير عمر بن أمير غازي الفارابي ، تحقيق ودراسة صابر نصر مصطفى عثمان, author 43681, التبيين، ج2